| 000 | 01370aam a2200469 4500 | ||
|---|---|---|---|
| 005 | 20241121121222.0 | ||
| 008 | 150306b xxu||||| |||| 00| 0 spa d | ||
| 020 | _a9789701059135 | ||
| 041 | _aspa | ||
| 082 | _a658.3 W499a7 | ||
| 100 |
_aWerther, William B _93397 |
||
| 100 | _aDavis, Keith | ||
| 245 | _aAdministración de Recursos Humanos: gestión del capital humano | ||
| 250 | _a7 edición | ||
| 260 |
_aMéxico _bMCGraw-Hill _c2014 |
||
| 300 | _a428 páginas | ||
| 650 | _aADMINISTRACIÓN DE PERSONAL | ||
| 650 | _aCAPITAL HUMANO | ||
| 650 | _aCAPITAL HUMANO EN ENTORNO INTERNACIONAL | ||
| 650 | _aPLANEACIÓN ESTRATEGICA DEL CAPITAL HUMANO | ||
| 650 | _aEMPOWERMENT | ||
| 650 | _aRECURSOS HUMANOS | ||
| 650 | _aSECCCIÓN DE PERSONAL | ||
| 650 | _aENTREVISTAS DE SELECCIÓN | ||
| 650 | _aRECLUTAMIENTO | ||
| 650 | _aDEMANDA DE CAPITAL HUMANO | ||
| 650 | _aTALENTOS | ||
| 650 | _aCULTURA ORGANIZACIONAL | ||
| 650 | _aINDUCCIÓN | ||
| 650 | _aCAPACITACIÓN | ||
| 650 | _aOUTSOURCING | ||
| 650 | _aSEGURIDAD LABORAL | ||
| 650 | _aADMINISTRACIÓN DE SUELDOS | ||
| 650 | _aEVALUACIÓN DEL DESEMPEÑO | ||
| 650 | _aCARRERA PROFESIONAL | ||
| 650 | _aNECESIDADES DEL EMPLEADO | ||
| 650 | _aMEDICIÓN DEL DESEMPEÑO | ||
| 650 | _aSINDICATOS | ||
| 650 | _aCULTURA ORGANIZACIONAL | ||
| 942 |
_cBK _2ddc |
||
| 999 |
_c3749 _d3749 |
||